[Event "London Classic Open 2016"]
[Site "London ENG"]
[Date "2016.12.13"]
[Round "6.45"]
[White "Mladek, Richard"]
[Black "Ronka, Erik"]
[Result "0-1"]
[WhiteElo "2024"]
[BlackElo "2262"]
[WhiteFideId "386588"]
[BlackFideId "505080"]
[EventDate "2016.12.09"]

1. e4 e5 2. f4 exf4 3. Nf3 Nf6 4. e5 Nh5 5. d4 d6 6. exd6 Bxd6 7. Bd3 O-O 8. O-O
g6 9. b3 c5 10. d5 Qf6 11. c3 Bf5 12. Bb2 Nd7 13. Bxf5 Qxf5 14. Nbd2 Rad8 15.
Nc4 Bb8 16. Na5 Bc7 17. Nxb7 Rb8 18. d6 Bb6 19. c4 Rxb7 20. Nh4 Qg5 21. Nf3 Qf5
22. Nh4 Qe4 23. Re1 Qc6 24. Re7 Ndf6 25. g4 fxg3 26. hxg3 Rxe7 27. dxe7 Re8 28.
g4 Ng7 0-1

[Event "London Classic Open 2016"]
[Site "London ENG"]
[Date "2016.12.13"]
[Round "6.46"]
[White "Rydstrom, Tom"]
[Black "Abrahams, Daniel"]
[Result "0-1"]
[WhiteTitle "FM"]
[WhiteElo "2239"]
[BlackElo "2071"]
[WhiteFideId "1714830"]
[BlackFideId "2606879"]
[EventDate "2016.12.09"]

1. e4 c5 2. Nf3 e6 3. d4 cxd4 4. Nxd4 a6 5. Nc3 Qc7 6. g3 Bb4 7. Bd2 Nf6 8. Bg2
Nc6 9. Nb3 Be7 10. O-O d6 11. f4 b5 12. a3 Bb7 13. Qe2 O-O 14. g4 b4 15. axb4
Nxb4 16. g5 Nd7 17. Be3 d5 18. e5 Nb6 19. Rad1 Nc4 20. Bc1 a5 21. Nd4 Ba6 22.
Qf2 Bc5 23. Rfe1 Qa7 24. b3 Bxd4 25. Rxd4 Nxc2 26. Qxc2 Qxd4+ 27. Kh1 Rac8 28.
bxc4 Rxc4 29. Bd2 Rfc8 30. Rc1 Qf2 31. Qd1 d4 32. Ne2 Qxe2 0-1

[Event "London Classic Open 2016"]
[Site "London ENG"]
[Date "2016.12.13"]
[Round "6.47"]
[White "Aradhya, Garg"]
[Black "Bhat, Vishal"]
[Result "1/2-1/2"]
[WhiteElo "2231"]
[BlackElo "1989"]
[WhiteFideId "25006746"]
[BlackFideId "3216330"]
[EventDate "2016.12.09"]

1. d4 d5 2. c4 c6 3. Nf3 Nf6 4. Nc3 e6 5. e3 Nbd7 6. Qc2 Bd6 7. Bd3 dxc4 8. Bxc4
b5 9. Be2 Bb7 10. O-O O-O 11. e4 e5 12. dxe5 Nxe5 13. Nd4 b4 14. Nf5 bxc3 15.
Rd1 Ne8 16. Qxc3 Qf6 17. f4 Bc7 18. fxe5 Qxe5 19. Qxe5 Bxe5 20. Be3 Nf6 21. Bf3
Rfe8 22. Bc5 g6 23. Ne7+ Kg7 24. Rac1 Rad8 25. b3 a5 26. h3 1/2-1/2

[Event "London Classic Open 2016"]
[Site "London ENG"]
[Date "2016.12.13"]
[Round "6.48"]
[White "Pein, Jonathan"]
[Black "Chan, Kim Yew"]
[Result "1/2-1/2"]
[WhiteElo "1971"]
[BlackElo "2231"]
[WhiteFideId "417092"]
[BlackFideId "5717981"]
[EventDate "2016.12.09"]

1. e4 c5 2. Nf3 g6 3. d4 cxd4 4. Nxd4 Nc6 5. Nc3 Bg7 6. Be3 Nf6 7. Bc4 Qa5 8.
O-O O-O 9. Bb3 d6 10. h3 Bd7 11. Re1 Rfc8 12. Qe2 Nxd4 13. Bxd4 Bc6 14. Rad1 Nd7
15. Bxg7 Kxg7 16. Nd5 Qd8 17. Qd2 Nc5 18. Qd4+ Kg8 19. e5 Nxb3 20. cxb3 Bxd5 21.
Qxd5 Rc6 22. exd6 Rxd6 23. Qf3 Rxd1 24. Rxd1 Qc7 25. Qc3 Rc8 26. Rc1 Qxc3 27.
Rxc3 Rb8 28. Kf1 f6 29. b4 Kf7 30. b5 Ke6 31. b6 axb6 32. Rb3 Kd6 33. Rxb6+ Kc7
34. Re6 Kd7 35. Rb6 Kc7 36. Re6 Kd7 37. Rb6 1/2-1/2

[Event "London Classic Open 2016"]
[Site "London ENG"]
[Date "2016.12.13"]
[Round "6.49"]
[White "Burbidge, Duncan R"]
[Black "Boel, Marcel"]
[Result "1/2-1/2"]
[WhiteElo "1918"]
[BlackElo "2219"]
[WhiteFideId "412198"]
[BlackFideId "1008870"]
[EventDate "2016.12.09"]

1. e4 c5 2. c3 Nf6 3. e5 Nd5 4. d4 cxd4 5. Nf3 Nc6 6. cxd4 e6 7. Bc4 d6 8. O-O
Be7 9. Nc3 Nxc3 10. bxc3 dxe5 11. Nxe5 Nxe5 12. dxe5 Qa5 13. Qe2 O-O 14. Bd2 Rd8
15. Bd3 Qd5 16. Bg5 Bxg5 17. Rad1 Qa5 18. Qh5 h6 19. f4 Be7 20. g4 Bd7 21. g5
Bc6 22. gxh6 Bc5+ 23. Rf2 g6 24. Qg5 Qxa2 25. h7+ Kxh7 26. Bxg6+ fxg6 27. Qh4+
Kg7 28. Qf6+ Kh7 1/2-1/2

[Event "London Classic Open 2016"]
[Site "London ENG"]
[Date "2016.12.13"]
[Round "6.50"]
[White "Johansson, Toni"]
[Black "Hawkins, Jonathan"]
[Result "0-1"]
[BlackTitle "GM"]
[WhiteElo "2071"]
[BlackElo "2590"]
[WhiteFideId "1703269"]
[BlackFideId "412686"]
[EventDate "2016.12.09"]

1. d4 Nf6 2. Nf3 g6 3. Bf4 Bg7 4. e3 d6 5. Be2 O-O 6. h4 c5 7. Nc3 cxd4 8. exd4
Bf5 9. Qd2 Nc6 10. O-O-O Qa5 11. a3 Rfc8 12. Bd3 Bxd3 13. Qxd3 Rab8 14. d5 Ng4
15. dxc6 Nxf2 16. Qd2 Nxh1 17. Nd5 Bxb2+ 18. Kxb2 bxc6+ 19. Nb4 c5 20. c3 cxb4
21. axb4 Nf2 22. Qxf2 Rxb4+ 23. cxb4 Qxb4+ 24. Ka1 Qa4+ 0-1

[Event "London Classic Open 2016"]
[Site "London ENG"]
[Date "2016.12.13"]
[Round "6.51"]
[White "Richardson, John R"]
[Black "Seymour, Timothy P"]
[Result "1/2-1/2"]
[WhiteTitle "FM"]
[WhiteElo "2248"]
[BlackElo "2060"]
[WhiteFideId "401617"]
[BlackFideId "412112"]
[EventDate "2016.12.09"]

1. e4 e5 2. Nf3 Nc6 3. Bb5 Nge7 4. c3 d5 5. Nxe5 dxe4 6. Qe2 Be6 7. Nxc6 Nxc6 8.
Qxe4 Bd6 9. Bxc6+ bxc6 10. Qxc6+ Bd7 11. Qf3 O-O 12. d3 Qh4 13. Be3 Rae8 14. Kd2
Bg4 15. Qc6 Rxe3 16. fxe3 Qf2+ 17. Kc1 Qxe3+ 18. Kc2 Bf4 19. b4 Qe2+ 20. Kb3
Qxd3 21. Na3 Be6+ 22. Kb2 Qe2+ 23. Nc2 Bf5 24. Qa4 Qxg2 25. h4 g6 26. Rhf1 Qh2
27. Rh1 Qg2 28. Rhg1 Qh2 29. Rh1 Qg2 1/2-1/2

[Event "London Classic Open 2016"]
[Site "London ENG"]
[Date "2016.12.13"]
[Round "6.52"]
[White "Czopor, Maciej"]
[Black "Merriman, John"]
[Result "1/2-1/2"]
[WhiteElo "2035"]
[BlackElo "2243"]
[WhiteFideId "21805431"]
[BlackFideId "402362"]
[EventDate "2016.12.09"]

1. e4 e6 2. d4 d5 3. Nc3 Nf6 4. e5 Nfd7 5. f4 c5 6. Nf3 Nc6 7. Be3 a6 8. Qd2 b5
9. dxc5 Bxc5 10. Bd3 Qb6 11. Bf2 Bxf2+ 12. Qxf2 Qxf2+ 13. Kxf2 O-O 14. Rhe1 Nb6
15. g3 f6 16. Kg1 Ra7 17. Ne2 f5 18. b3 h6 19. h4 Nd7 20. Ned4 Nxd4 21. Nxd4 Nc5
22. Kf2 Rc7 23. Ke3 Bd7 24. a3 Kf7 25. Rad1 Ke7 26. Rd2 Be8 27. Rg1 Bh5 28. Re1
Bg4 29. Rg1 Rfc8 30. Re1 Ne4 31. Rg2 Rc3 32. Rh1 Bh5 33. Re1 Rg8 34. Rh1 Rf8 35.
Rgg1 Rb8 36. Rg2 Rb6 37. Ra1 Rb7 38. Rgg1 Rb8 39. Rg2 Rbc8 40. Rh1 Rg8 41. Rgg1
Bg4 42. Rg2 Rb8 43. Ra1 Rb6 44. Rgg1 Bh5 1/2-1/2

[Event "London Classic Open 2016"]
[Site "London ENG"]
[Date "2016.12.13"]
[Round "6.53"]
[White "Rice, Chris B"]
[Black "Player, Edmund C"]
[Result "0-1"]
[WhiteElo "2002"]
[BlackElo "2239"]
[WhiteFideId "404446"]
[BlackFideId "406520"]
[EventDate "2016.12.09"]

1. c4 e5 2. g3 Nc6 3. Nc3 g6 4. Bg2 Bg7 5. e4 d6 6. Nge2 f5 7. d3 Nf6 8. O-O O-O
9. Nd5 Be6 10. Bg5 Qd7 11. Qd2 Nh5 12. exf5 Bxf5 13. b4 Rae8 14. b5 Nd8 15. Bxd8
Rxd8 16. Nb4 Rb8 17. Qe3 Nf6 18. Nc3 e4 19. dxe4 Ng4 20. Qd2 Be6 21. Nbd5 c6 22.
Ne3 Nxe3 23. Qxe3 Bxc4 24. bxc6 bxc6 25. Rfd1 Rb2 26. Rd2 Rxd2 27. Qxd2 c5 28.
Rc1 Bd4 29. Nd1 Qf7 30. Rc2 Rb8 31. h3 Rb1 32. Kh2 Be6 33. Nc3 Rb8 34. Nd1 Rf8
35. Kg1 Qd7 36. Kh2 Qa4 37. Kg1 Qa3 38. Kh2 Bd7 39. Qe2 Qb4 40. Bf1 Ba4 41. a3
Qb3 42. Rd2 Bc6 43. Qa6 Qb7 44. Qc4+ d5 45. exd5 Bxd5 46. Qa4 Qf7 47. Qc2 Qf3 0-1

[Event "London Classic Open 2016"]
[Site "London ENG"]
[Date "2016.12.13"]
[Round "6.54"]
[White "Stephan, Axel"]
[Black "Prior, Stephen C V"]
[Result "1-0"]
[WhiteElo "2239"]
[BlackElo "2043"]
[WhiteFideId "4632834"]
[BlackFideId "423378"]
[EventDate "2016.12.09"]

1. c4 Nf6 2. Nc3 e6 3. Nf3 b6 4. e4 Bb7 5. e5 Ne4 6. Nxe4 Bxe4 7. Be2 Be7 8. O-O
O-O 9. d4 d6 10. exd6 cxd6 11. Be3 Nd7 12. b4 a5 13. Nd2 Bb7 14. bxa5 Rxa5 15.
Nb3 Ra3 16. Bf3 Bxf3 17. Qxf3 Qa8 18. Qe2 Qa6 19. Rfc1 Ra8 20. Qd1 Bf6 21. h3
Qb7 22. Rc2 R8a4 23. c5 dxc5 24. dxc5 Ne5 25. Rac1 Rxa2 26. Rxa2 Rxa2 27. cxb6
h6 28. Rc7 Qb8 29. Qc1 Bd8 30. Rc8 Qd6 31. b7 1-0

[Event "London Classic Open 2016"]
[Site "London ENG"]
[Date "2016.12.13"]
[Round "6.55"]
[White "Hill, Alistair"]
[Black "Longson, Sarah N"]
[Result "0-1"]
[BlackTitle "WFM"]
[WhiteElo "2237"]
[BlackElo "2040"]
[WhiteFideId "432407"]
[BlackFideId "2501465"]
[EventDate "2016.12.09"]

1. c4 e6 2. g3 d5 3. Bg2 dxc4 4. Nf3 Nc6 5. O-O Nf6 6. Na3 Bxa3 7. bxa3 e5 8.
Bb2 Qd6 9. Qa4 O-O 10. Qxc4 Be6 11. Qc2 h6 12. d3 Nd7 13. Rfc1 f5 14. Nd2 Bd5
15. Nc4 Qe6 16. Bh3 Qf7 17. e3 Qh5 18. Bg2 Bxg2 19. Kxg2 f4 20. Qd1 f3+ 21. Kh1
Nf6 22. Qg1 Ng4 23. Re1 Rad8 24. d4 e4 25. Rac1 Qh3 26. Nd2 Rd5 27. Rc5 Rxc5 28.
dxc5 Rf5 29. Nf1 Qg2+ 30. Qxg2 fxg2+ 31. Kxg2 Rxf2+ 32. Kh3 h5 33. Bd4 Rxa2 34.
Kh4 Nxh2 35. Kxh5 Nf3 36. Rb1 Rf2 37. g4 Kh7 38. g5 g6+ 39. Kg4 Rxf1 40. Rxb7
Nfe5+ 41. Kh4 Rf7 42. Bxe5 Nxe5 43. Rxa7 Kg7 44. a4 Nc4 45. a5 Nxe3 46. a6 Ng2+
47. Kg3 e3 0-1

[Event "London Classic Open 2016"]
[Site "London ENG"]
[Date "2016.12.13"]
[Round "6.56"]
[White "Stigar, Petter"]
[Black "Woong, Zhi Wei William"]
[Result "1/2-1/2"]
[WhiteTitle "FM"]
[BlackTitle "CM"]
[WhiteElo "2236"]
[BlackElo "2000"]
[WhiteFideId "1500341"]
[BlackFideId "5804906"]
[EventDate "2016.12.09"]

1. d4 d5 2. c4 e6 3. Nc3 Be7 4. Nf3 Nf6 5. Bf4 O-O 6. e3 b6 7. cxd5 exd5 8. Bd3
Be6 9. O-O Nbd7 10. Ng5 Bg4 11. Qc2 h6 12. Nh7 Re8 13. h3 Be6 14. Nxf6+ Nxf6 15.
Nb5 c5 16. Nc7 c4 17. Nxe8 Qxe8 18. Bf5 Qd7 19. Bxe6 Qxe6 20. Rfe1 b5 21. f3 Rd8
22. Rad1 Nh5 23. Bc7 Rd7 24. Bh2 Bh4 25. Re2 Re7 26. g4 Nf6 27. Bf4 Qc6 28. Qc3
Qb7 29. Qb4 Re8 30. a4 a6 31. axb5 axb5 32. Ra1 Ra8 33. Ra5 Rxa5 34. Qxa5 b4 35.
Qd8+ Kh7 36. Qb8 Qa6 37. Qxb4 c3 38. Rg2 Qa1+ 39. Kh2 Qd1 40. Qxc3 Qxf3 41. Qc2+
g6 42. Qe2 Qe4 43. Be5 Nd7 44. Qf1 Nxe5 45. dxe5 Qxe5+ 46. Qf4 Qe6 47. Qf3 Bg5
48. Re2 Kg8 49. Kg2 Qe5 50. Rd2 Bxe3 51. Qxd5 Qf4 52. Re2 Bb6 53. Qd2 Qa4 54.
Qd5 Qf4 55. Qe5 Qc4 56. Qe8+ Kg7 57. Qe4 Qc1 58. Qe5+ Kh7 59. Re1 Qd2+ 60. Qe2
Qd6 61. Qf3 Kg8 62. Rd1 Qe5 63. Rd2 Qe1 64. Rf2 Bxf2 65. Qxf2 Qe4+ 66. Qf3 Qc2+
67. Qf2 Qe4+ 68. Qf3 Qc2+ 69. Qf2 1/2-1/2

[Event "London Classic Open 2016"]
[Site "London ENG"]
[Date "2016.12.13"]
[Round "6.57"]
[White "Grant, Jonathan I M"]
[Black "Lochte, Thomas"]
[Result "0-1"]
[WhiteElo "2218"]
[BlackElo "2005"]
[WhiteFideId "2400294"]
[BlackFideId "4606272"]
[EventDate "2016.12.09"]

1. c4 e5 2. Nc3 Nf6 3. Nf3 Nc6 4. g3 Bc5 5. Bg2 a6 6. d3 h6 7. O-O d6 8. a3 Be6
9. e3 e4 10. Nd4 Nxd4 11. exd4 Bxd4 12. dxe4 Bxc3 13. bxc3 Bxc4 14. Re1 O-O 15.
Rb1 Rb8 16. f4 Re8 17. Rb2 d5 18. Rd2 c6 19. e5 Qb6+ 20. Rd4 Bb3 21. Qf3 c5 22.
Rd2 Ne4 23. Rb2 c4+ 24. Be3 Qa5 25. Bd4 Qxa3 26. Rbe2 Qa4 27. Qe3 Bd1 28. Rb2
Bc2 29. f5 Bd3 30. f6 Nxf6 31. Bh3 Ne4 32. Rb6 Ng5 33. Bg2 Be4 34. h4 Qc2 35.
Bxe4 Nxe4 36. Qf3 Re7 37. Qg4 Rbe8 38. Rxh6 Re6 39. Rxe6 Rxe6 40. h5 Nxc3 41. h6
Rg6 42. h7+ Kxh7 43. Qf3 Ne4 44. g4 Qd2 45. Rd1 Qg5 46. Qh3+ Kg8 0-1

[Event "London Classic Open 2016"]
[Site "London ENG"]
[Date "2016.12.13"]
[Round "6.58"]
[White "Stolarczyk, Anna"]
[Black "Bukojemski, Adam"]
[Result "1/2-1/2"]
[WhiteTitle "WCM"]
[WhiteElo "1992"]
[BlackElo "2214"]
[WhiteFideId "1126423"]
[BlackFideId "1114620"]
[EventDate "2016.12.09"]

1. d4 Nf6 2. c4 g6 3. Nc3 Bg7 4. Nf3 O-O 5. g3 d5 6. cxd5 Nxd5 7. e4 Nxc3 8.
bxc3 c5 9. Be3 Bg4 10. Bg2 Nc6 11. e5 Qa5 12. O-O Qxc3 13. Rc1 Qa3 14. Rxc5 Qxa2
15. Qb1 Qxb1 16. Rxb1 Rab8 17. Nd2 f6 18. f4 fxe5 19. dxe5 Bd7 20. Nc4 g5 21.
Na5 gxf4 22. gxf4 Nxa5 23. Rxa5 a6 24. Rxb7 Rxb7 25. Bxb7 Bh6 1/2-1/2

[Event "London Classic Open 2016"]
[Site "London ENG"]
[Date "2016.12.13"]
[Round "6.59"]
[White "Taylor, Adam C"]
[Black "Cannon, Raymond C"]
[Result "1-0"]
[WhiteTitle "FM"]
[WhiteElo "2212"]
[BlackElo "1942"]
[WhiteFideId "424668"]
[BlackFideId "408018"]
[EventDate "2016.12.09"]

1. Nf3 g6 2. d4 Bg7 3. c4 d6 4. Nc3 Nd7 5. e3 e5 6. Be2 Ne7 7. b3 O-O 8. O-O Nf5
9. Bb2 Re8 10. Re1 exd4 11. exd4 Nh4 12. Nxh4 Qxh4 13. Nd5 Qd8 14. Bg4 Nf6 15.
Bxc8 Rxc8 16. Rxe8+ Qxe8 17. Nxf6+ Bxf6 18. Qf3 Qe7 19. Bc3 c6 20. Re1 Qd8 21.
h4 Bg7 22. h5 Qh4 23. Qe3 gxh5 24. Qd3 d5 25. Re3 Kh8 26. Qf5 Qg4 27. Qxf7 Qg6
28. Qxb7 Rg8 29. Rg3 Qb1+ 30. Kh2 h4 31. Rg4 Be5+ 32. dxe5 Rxg4 33. Qc8+ Rg8 34.
e6+ 1-0

[Event "London Classic Open 2016"]
[Site "London ENG"]
[Date "2016.12.13"]
[Round "6.60"]
[White "Misyura, Ilya"]
[Black "Haessel, Dale R."]
[Result "1/2-1/2"]
[BlackTitle "FM"]
[WhiteElo "1989"]
[BlackElo "2208"]
[WhiteFideId "434183"]
[BlackFideId "2012618"]
[EventDate "2016.12.09"]

1. d4 Nf6 2. c4 g6 3. Nc3 d5 4. cxd5 Nxd5 5. e4 Nxc3 6. bxc3 Bg7 7. Nf3 c5 8.
Bb5+ Nc6 9. O-O cxd4 10. cxd4 O-O 11. Bxc6 bxc6 12. Be3 c5 13. Rc1 cxd4 14. Bxd4
Ba6 15. Re1 Qa5 16. Bxg7 Kxg7 17. Qd2 Qxd2 18. Nxd2 Rfc8 19. Nb3 Bc4 20. Rc2 Bd3
21. Rd2 Bc2 22. f3 Rc4 23. Ree2 Rac8 24. Kf2 R8c7 25. Nd4 Ba4 26. Nb3 Rc3 27.
Re3 e5 28. Rd5 f6 29. Rxc3 Rxc3 30. Rc5 Rxc5 31. Nxc5 Bb5 32. Ke3 Kf7 33. g3 Ke7
34. Nd3 Kd6 35. f4 g5 36. fxg5 fxg5 37. Ne1 g4 38. Kd2 Kc5 39. Kc3 Be2 40. a3 a5
41. Nd3+ 1/2-1/2

[Event "London Classic Open 2016"]
[Site "London ENG"]
[Date "2016.12.13"]
[Round "6.61"]
[White "Semprun Martinez, Fernando"]
[Black "Rocco, Federico"]
[Result "1/2-1/2"]
[WhiteElo "2193"]
[BlackElo "1927"]
[WhiteFideId "2203170"]
[BlackFideId "431362"]
[EventDate "2016.12.09"]

1. e4 c5 2. Nf3 d6 3. d4 cxd4 4. Nxd4 Nf6 5. Nc3 a6 6. Bg5 e6 7. f4 Be7 8. Qf3
Qc7 9. O-O-O Nbd7 10. g4 b5 11. Bxf6 Nxf6 12. g5 Nd7 13. f5 Nc5 14. Rg1 b4 15.
Nce2 Bb7 16. fxe6 fxe6 17. Bh3 Rc8 18. Rd2 Qa5 19. Bxe6 Nxe6 20. Nxe6 Qxa2 21.
Nxg7+ Kd8 22. Kd1 b3 23. Qxb3 Qxb3 24. cxb3 Bxe4 25. Rg4 Bg6 26. Nf4 Bf7 27.
Nfe6+ Kd7 28. Rb4 Rb8 29. Nc5+ Kc6 30. Nxa6 Rxb4 31. Nxb4+ Kb5 32. Nd5 Bxg5 33.
Rg2 Bh6 34. Nc3+ Kc6 35. Nf5 Bxb3+ 36. Ke2 Bc4+ 37. Kd1 Bf4 38. Kc2 Rf8 39. Ne7+
Kd7 40. Ned5 Kc6 41. Nxf4 Rxf4 42. Rd2 h5 43. b3 Be6 44. Ne2 Re4 45. Nd4+ Kc5
46. Nxe6+ Rxe6 47. Kc3 Re4 48. Kd3 Rd4+ 49. Kc3 Rxd2 50. Kxd2 Kb4 51. h4 Kxb3
52. Kd3 Kb2 53. Kd4 Kc2 54. Kd5 Kd3 55. Kxd6 Ke4 56. Kc5 Kf4 57. Kd4 Kg4 1/2-1/2

[Event "London Classic Open 2016"]
[Site "London ENG"]
[Date "2016.12.13"]
[Round "6.62"]
[White "Jyothilal, N."]
[Black "Brooks, Phil J"]
[Result "0-1"]
[WhiteElo "1985"]
[BlackElo "2163"]
[WhiteFideId "5002605"]
[BlackFideId "405540"]
[EventDate "2016.12.09"]

1. d4 e6 2. Nf3 d5 3. c4 dxc4 4. g3 Nd7 5. Bg2 Nb6 6. O-O Ne7 7. e4 g6 8. a4 a5
9. Nc3 Bg7 10. Bf4 Bd7 11. d5 exd5 12. exd5 O-O 13. Bg5 h6 14. Bf4 Nf5 15. Re1
Nd6 16. Nd4 Re8 17. Qd2 Rxe1+ 18. Rxe1 Nxa4 19. Ne6 fxe6 20. dxe6 Nxc3 21. exd7
Qxd7 22. bxc3 Re8 23. Rd1 Qe7 24. Qd5+ Kh7 25. Qxa5 b6 26. Qa6 Qe2 27. Rf1 Be5
28. Bc6 Re7 29. Bxe5 Qxe5 30. Rc1 Qe2 31. h4 Rf7 32. Rf1 Qe5 33. Qa1 Qc5 34. Bg2
Nf5 35. Kh2 Nd6 36. Qb2 Qe5 37. Qc2 Qf5 38. Qe2 Qf6 39. Qe3 Re7 40. Qd2 Qe5 41.
Bf3 h5 42. Ra1 Qf5 43. Kg2 Rf7 44. Qe2 Qf6 45. Ra3 Nb5 46. Ra8 Nxc3 47. Qe3 b5
48. Re8 b4 49. Re5 Qxf3+ 50. Qxf3 Rxf3 51. Kxf3 b3 52. Re7+ Kh6 53. Rxc7 b2 54.
Rxc4 b1=Q 55. Rxc3 Qb7+ 56. Ke3 Qe7+ 57. Kd2 Qf6 58. f4 Qd4+ 59. Rd3 Qf2+ 60.
Kc3 Kg7 61. Kc4 Kf6 62. Rd6+ Ke7 63. Rd3 Ke6 64. Rb3 Qe2+ 65. Kd4 Kf5 66. Re3
Qd2+ 67. Rd3 Qf2+ 68. Re3 Qg1 69. Kd3 Qd1+ 70. Kc3 Kg4 71. Rd3 Qg1 72. Kd2 Qf2+
73. Kc3 Qxg3 0-1

[Event "London Classic Open 2016"]
[Site "London ENG"]
[Date "2016.12.13"]
[Round "6.63"]
[White "Disu, Kayode"]
[Black "Kalavannan, Koby"]
[Result "0-1"]
[WhiteElo "1976"]
[BlackElo "2163"]
[WhiteFideId "432849"]
[BlackFideId "425753"]
[EventDate "2016.12.09"]

1. c4 Nf6 2. Nc3 g6 3. e4 d6 4. g3 c5 5. Bg2 Nc6 6. Nge2 Bg7 7. d3 a6 8. h3 O-O
9. O-O Rb8 10. f4 Ne8 11. f5 b5 12. Rb1 Ne5 13. b3 Nc7 14. g4 e6 15. Be3 Kh8 16.
Qd2 Bb7 17. Nf4 Qd7 18. Rbd1 Nc6 19. Nce2 Nd4 20. Ng3 Be5 21. Qf2 exf5 22. gxf5
gxf5 23. Nd5 Nxd5 24. exd5 Bc8 25. Rde1 Rg8 26. Bf4 f6 27. Kh2 Qf7 28. Ne2 Nxe2
29. Rxe2 Qh5 30. Rfe1 Re8 31. Re3 Bd7 32. Rg3 Rg8 33. Rxg8+ Rxg8 34. Bxe5 fxe5
35. Bf3 Qh6 36. Rg1 Qf4+ 37. Kh1 Rxg1+ 38. Kxg1 Qc1+ 39. Kg2 Qg5+ 40. Kf1 Qc1+
41. Kg2 Qg5+ 42. Kf1 Qf4 43. Ke2 Be8 44. Qe1 Qh2+ 45. Kd1 Qxh3 46. Be2 Bh5 47.
Kd2 Qh2 48. cxb5 axb5 49. a4 bxa4 50. bxa4 Bxe2 51. Qxe2 Qf4+ 52. Kc3 Qb4+ 53.
Kc2 Qxa4+ 54. Kb1 Qb3+ 55. Kc1 Qxd5 56. Qh5 Qe6 57. Qg5 h6 58. Qg2 Qf6 59. Kc2
Qf7 60. Qh1 Kh7 61. Qc6 Qe7 62. Qd5 h5 63. Kc3 h4 64. Qf3 Kg6 65. Qg2+ Qg5 66.
Qd5 Qf6 67. Qg2+ Kh6 68. Kc4 Qe6+ 69. Kc3 Qg6 70. Qa8 Kh5 71. Qh8+ Kg4 72. Qa8
h3 73. Kd2 Kg3 0-1

[Event "London Classic Open 2016"]
[Site "London ENG"]
[Date "2016.12.13"]
[Round "6.64"]
[White "Grigoryan, Meri"]
[Black "Karayiannis, Costas"]
[Result "1-0"]
[WhiteTitle "WFM"]
[WhiteElo "1972"]
[BlackElo "2159"]
[WhiteFideId "13300571"]
[BlackFideId "405183"]
[EventDate "2016.12.09"]

1. Nf3 d5 2. d4 Nf6 3. c4 c6 4. cxd5 cxd5 5. Nc3 Nc6 6. Bf4 Bf5 7. e3 e6 8. Qa4
Nd7 9. Ne5 Ndxe5 10. Bxe5 f6 11. Bg3 a6 12. Rc1 Be7 13. Be2 O-O 14. O-O Rc8 15.
Rfd1 Na5 16. e4 b5 17. Nxb5 Rxc1 18. Rxc1 axb5 19. Qxb5 dxe4 20. Bc7 Qxd4 21.
Rd1 Qa7 22. Bb6 Qb8 23. Qxa5 Rc8 24. b3 Rc2 25. Bc4 Qf4 26. Be3 Qg4 27. Qa8+ Kf7
28. Rd7 Rb2 29. Rxe7+ Kxe7 30. Qa3+ Kf7 31. Qxb2 Qd1+ 32. Bf1 1-0

[Event "London Classic Open 2016"]
[Site "London ENG"]
[Date "2016.12.13"]
[Round "6.65"]
[White "Wilks, Simon"]
[Black "Bates, Caspar J"]
[Result "1/2-1/2"]
[WhiteElo "1935"]
[BlackElo "2156"]
[WhiteFideId "427357"]
[BlackFideId "414760"]
[EventDate "2016.12.09"]

1. e4 e6 2. d4 d5 3. Nc3 Bb4 4. e5 Qd7 5. a3 Bf8 6. Nce2 b6 7. Nf3 Ba6 8. h4 c5
9. c3 Nc6 10. b4 Bc4 11. Nf4 cxd4 12. cxd4 b5 13. Bd2 Nge7 14. Bc3 a5 15. Nd3
axb4 16. axb4 Rxa1 17. Qxa1 Qa7 18. Qxa7 Nxa7 19. Nc5 Nec6 20. Na6 Be7 21. Kd2
O-O 22. Bd3 Ra8 23. Nc7 Rc8 24. Na6 Ra8 25. Nc7 Rb8 26. Na6 Rd8 27. Re1 Nc8 28.
Ra1 Nb6 29. Nc5 Bxc5 30. bxc5 Na4 31. Bc2 Nxc3 32. Kxc3 f6 33. exf6 gxf6 34. Re1
Kf7 35. Bxh7 Ra8 36. h5 b4+ 37. Kb2 Ra2+ 38. Kb1 Rxf2 39. Bg6+ Kg7 40. Rxe6 Rf1+
41. Kb2 Rf2+ 42. Kb1 Rf1+ 43. Kb2 Rf2+ 44. Kb1 Rf1+ 1/2-1/2

[Event "London Classic Open 2016"]
[Site "London ENG"]
[Date "2016.12.13"]
[Round "6.67"]
[White "O'Molloy, Eamonn"]
[Black "Klingher, Dominic"]
[Result "1/2-1/2"]
[WhiteElo "1942"]
[BlackElo "2126"]
[WhiteFideId "2505843"]
[BlackFideId "428850"]
[EventDate "2016.12.09"]

1. d4 Nf6 2. Nf3 d6 3. Bg5 Nbd7 4. Nbd2 e5 5. dxe5 dxe5 6. e4 Bc5 7. Bc4 O-O 8.
O-O c6 9. a4 Qc7 10. c3 a5 11. Qc2 b6 12. Rfe1 Ba6 13. Bf1 h6 14. Bh4 g5 15. Bg3
Nh5 16. Bxa6 Rxa6 17. Qd3 Raa8 18. Rad1 Nxg3 19. hxg3 Nf6 20. Nb3 Be7 21. Qe2
Rfd8 22. Nh2 Rxd1 23. Rxd1 b5 24. axb5 cxb5 25. Ng4 Nxg4 26. Qxg4 a4 27. Nc1 a3
28. bxa3 Qxc3 29. Qe2 Bxa3 30. Qd3 Qxd3 31. Nxd3 Rd8 32. Kf1 f6 33. Ke2 Rd4 34.
f3 Kf7 35. Rb1 b4 36. g4 Ke6 37. Nc5+ Kd6 38. Nb3 Rc4 39. Rd1+ Kc7 40. Rd5 Kb6
41. Rd6+ Kb5 42. Rd5+ Kb6 43. Rd6+ Kc7 44. Rd5 Bb2 45. Rc5+ Rxc5 46. Nxc5 Kc6
47. Nb3 Kb5 48. Kd3 Bd4 49. Nd2 Bc3 50. Nb3 Ka4 51. Kc2 Bd4 52. Nd2 Ka3 53. Nb3
Be3 54. Na1 Bg1 55. Nb3 Bf2 56. Nc1 Be3 57. Nb3 Ka2 58. Na5 1/2-1/2

[Event "London Classic Open 2016"]
[Site "London ENG"]
[Date "2016.12.13"]
[Round "6.68"]
[White "Johnson, Daniel"]
[Black "Stewart, Ashley"]
[Result "0-1"]
[WhiteElo "1877"]
[BlackElo "2105"]
[WhiteFideId "1721283"]
[BlackFideId "419001"]
[EventDate "2016.12.09"]

1. d4 Nf6 2. c4 g6 3. Nc3 Bg7 4. Nf3 O-O 5. Bg5 d6 6. e3 c5 7. Be2 h6 8. Bh4 g5
9. Bg3 Nh5 10. dxc5 Nxg3 11. hxg3 dxc5 12. Qc2 e6 13. Rd1 Qe7 14. g4 Nc6 15. a3
f5 16. gxf5 exf5 17. Nd5 Qf7 18. b4 b6 19. b5 Ne7 20. Nxg5 hxg5 21. Bh5 Qe6 22.
Nc7 Qe5 23. Nxa8 Bb7 24. Bf3 Bxf3 25. gxf3 Rxa8 26. Kf1 Ng6 27. Rd5 Qa1+ 28. Rd1
Qf6 29. Qd3 Qe6 30. Qc2 Rf8 31. Rd5 Qf6 32. Rg1 Nh4 33. Qe2 Rd8 34. Qd1 Re8 35.
Rd7 Re7 36. Qd5+ Kh7 37. Rxe7 Qxe7 38. Rh1 Qf6 39. Qd1 Qc3 40. f4 Qxc4+ 41. Kg1
Qe4 42. Rh2 Kg6 43. Kf1 Qc4+ 44. Kg1 Bf6 45. fxg5 Bxg5 46. Qd6+ Kf7 47. Rh3 Qe6
48. Qc7+ Qe7 49. Qc6 Qe4 50. Qd7+ Be7 51. Rg3 Nf3+ 52. Kf1 Ne5 53. Qc8 Qh1+ 54.
Rg1 Qh3+ 55. Rg2 Ng6 56. Kg1 Qh5 57. Qd7 Ne5 58. Qd5+ Kf6 59. f4 Ng4 60. e4 Qh7
61. Qc6+ Kf7 62. Qd5+ Ke8 63. Qa8+ Bd8 64. Rd2 Qh4 65. Kg2 Qh2+ 66. Kf3 Qxd2 67.
Qc6+ Ke7 68. exf5 Qd1+ 69. Kg3 Qg1+ 70. Kh4 Kf7+ 0-1